|
|
|
|
| LEADER |
00000nam a2200000 i 4500 |
| 001 |
ELB129003 |
| 003 |
FINmELB |
| 005 |
20211227121057.0 |
| 006 |
m o u |
| 007 |
cr cn||||||||| |
| 008 |
211227e201706 sp a ob 000 0 spa d |
| 020 |
|
|
|a 9789587655742
|q (e-book)
|
| 020 |
|
|
|z 9789586707152
|
| 035 |
|
|
|a (OCoLC)1292942270
|
| 040 |
|
|
|a FINmELB
|b spa
|e rda
|c FINmELB
|
| 050 |
|
4 |
|a QC145.28
|b G373 2017
|
| 080 |
|
|
|a 5(091)
|
| 082 |
0 |
4 |
|a 532
|2 23
|
| 100 |
1 |
|
|a García Arteaga, Edwin Germán,
|e autor.
|
| 245 |
1 |
0 |
|a Historia de las ciencias en textos para la enseñanza :
|b neumática e hidrostática : perspectivas socioculturales /
|c Edwin Germán García Arteaga.
|
| 264 |
|
1 |
|a Cali, Colombia :
|b Universidad del Valle,
|c junio 2017.
|
| 300 |
|
|
|a 1 recurso en línea (127 páginas) :
|b ilustraciones
|
| 336 |
|
|
|a texto
|b txt
|2 rdacontent/spa
|
| 337 |
|
|
|a computadora
|b c
|2 rdamedia/spa
|
| 338 |
|
|
|a recurso en línea
|b cr
|2 rdacarrier/spa
|
| 490 |
1 |
|
|a Colección Educación y Pedagogía
|
| 504 |
|
|
|a Incluye bibliografía.
|
| 588 |
|
|
|a Descripción basada en metadatos suministrados por el editor y otras fuentes.
|
| 590 |
|
|
|a Recurso electrónico. Santa Fe, Arg.: elibro, 2021. Disponible vía World Wide Web. El acceso puede estar limitado para las bibliotecas afiliadas a elibro.
|
| 650 |
|
4 |
|a Ciencia
|x Enseñanza.
|
| 650 |
|
0 |
|a Pneumatics
|x Study and teaching.
|
| 650 |
|
0 |
|a Hydrostatics
|x Study and teaching.
|
| 650 |
|
0 |
|a Fluid mechanics
|x Study and teaching.
|
| 650 |
|
4 |
|a Ciencia
|x Historia.
|
| 650 |
|
4 |
|a Hidrostática
|x Enseñanza.
|
| 650 |
|
4 |
|a Neumática
|x Enseñanza.
|
| 655 |
|
4 |
|a Libros electrónicos.
|
| 797 |
2 |
|
|a elibro, Corp.
|
| 830 |
|
0 |
|a Colección Educación y Pedagogía.
|
| 856 |
4 |
0 |
|u https://elibro.uam.elogim.com/ereader/bidiuam/129003
|z Texto completo
|